[Event "Pavlovo"]
[Site "Pavlovo"]
[Date "2011.03.25"]
[Round "9"]
[White "Zanozin, Anatoly"]
[Black "Grushin, Alexandr"]
[Result "1-0"]
[WhiteElo "2089"]
[BlackElo "1693"]
[PlyCount "41"]
[EventDate "2011.03.17"]
[EventType "tourn"]
[EventRounds "11"]
[EventCountry "RUS"]
[SourceTitle "EXT 2013"]
[Source "ChessBase"]
[SourceDate "2012.11.22"]
[SourceVersion "1"]
[SourceVersionDate "2012.11.22"]
[SourceQuality "1"]

1. e4 e5 2. Nf3 Nc6 3. Bb5 a6 4. Ba4 Nf6 5. d4 b5 6. Bb3 Nxd4 7. Bxf7+ Ke7 8. Nxe5 Bb7 9. Qxd4 d6 10. Bd5 Bxd5 11. exd5 dxe5 12. Qxe5+ Kf7 13. 0-0 Qxd5 14. Qxc7+ Kg6 15. Nc3 Qf5 16. Ne2 h5 17. Nf4+ Kh7 18. Nh3 Nd5 19. Qg3 Qxc2 20. Ng5+ Kg8 21. Qf3 1-0

[Event "Nizhnij Novgorod Voroniatov Memor 4th"]
[Site "Nizhnij Novgorod"]
[Date "2007.06.11"]
[Round "?"]
[White "Kruchinin, Anatoly V"]
[Black "Grushin, Alexandr"]
[Result "1-0"]
[WhiteElo "1886"]
[BlackElo "1702"]
[PlyCount "51"]
[EventDate "2007.06.11"]
[EventType "swiss"]
[EventRounds "9"]
[EventCountry "RUS"]
[SourceTitle "EXT 2022"]
[Source "ChessBase"]
[SourceDate "2021.10.06"]
[SourceVersion "1"]
[SourceVersionDate "2021.10.06"]
[SourceQuality "1"]

1. d4 d5 2. Nc3 Nf6 3. h3 Nc6 4. e3 Bf5 5. Nf3 e6 6. g4 Bg6 7. Bd3 Bxd3 8. Qxd3 Be7 9. Bd2 a6 10. 0-0-0 Qd7 11. Rdg1 0-0-0 12. h4 h6 13. g5 Nh7 14. g6 fxg6 15. Rxg6 Bf6 16. Rhg1 Qe7 17. R6g4 Kb8 18. a3 e5 19. dxe5 Nxe5 20. Nxe5 Qxe5 21. Nd1 c6 22. Bc3 Qe6 23. Bxf6 gxf6 24. Rg7 Rd7 25. Nc3 Ka7 26. Qd4+ 1-0